Pure love, pure poetry, pure prayer: the life and work of Henri Bremond

Saved in:  
Bibliographic Details
Main Author: Gorday, Peter (Author)
Format: Print Book
Language:English
Subito Delivery Service: Order now.
Check availability: HBZ Gateway
WorldCat: WorldCat
Interlibrary Loan:Interlibrary Loan for the Fachinformationsdienste (Specialized Information Services in Germany)
Published: Eugene, Oregon Wipf & Stock [2018]
In:Year: 2018
Standardized Subjects / Keyword chains:B Bremond, Henri 1865-1933
Further subjects:B Biography
Online Access: Table of Contents
Blurb
Literaturverzeichnis

MARC

LEADER 00000cam a2200000 c 4500
001 1643519298
003 DE-627
005 20240510192556.0
007 tu
008 181022s2018 xx ||||| 00| ||eng c
020 |a 9781532638398  |c paperback  |9 978-1-5326-3839-8 
020 |a 9781532638404  |c hardcover  |9 978-1-5326-3840-4 
035 |a (DE-627)1643519298 
035 |a (DE-576)512172358 
035 |a (DE-599)BSZ512172358 
035 |a (OCoLC)1060767697 
040 |a DE-627  |b ger  |c DE-627  |e rakwb 
041 |a eng 
084 |a 1  |2 ssgn 
100 1 |e VerfasserIn  |0 (DE-588)1173010076  |0 (DE-627)1042103720  |0 (DE-576)514943076  |4 aut  |a Gorday, Peter 
109 |a Gorday, Peter  |a Gorday, Peter J.  |a Gorday, Peter Joseph 
245 1 0 |a Pure love, pure poetry, pure prayer  |b the life and work of Henri Bremond  |c Peter J. Gorday ; foreword by François Trémolières 
264 1 |a Eugene, Oregon  |b Wipf & Stock  |c [2018] 
300 |a xvii, 410 Seiten  |b Illustrationen 
336 |a Text  |b txt  |2 rdacontent 
337 |a ohne Hilfsmittel zu benutzen  |b n  |2 rdamedia 
338 |a Band  |b nc  |2 rdacarrier 
583 1 |a Archivierung/Langzeitarchivierung gewährleistet  |f SSG  |x XA-DE-BW  |2 pdager  |5 DE-21 
655 7 |a Biografie  |0 (DE-588)4006804-3  |0 (DE-627)104213493  |0 (DE-576)208867147  |2 gnd-content 
689 0 0 |d p  |0 (DE-588)118659960  |0 (DE-627)079444679  |0 (DE-576)160418925  |2 gnd  |a Bremond, Henri  |d 1865-1933 
689 0 |5 (DE-627) 
776 1 |z 9781532638411  |c ebook 
856 4 2 |u https://swbplus.bsz-bw.de/bsz512172358inh.htm  |m V:DE-576;B:DE-21  |q application/pdf  |v 20181215160304  |3 Inhaltsverzeichnis  |7 1 
856 4 2 |u https://swbplus.bsz-bw.de/bsz512172358kla.htm  |m V:DE-576;B:DE-21  |q application/pdf  |v 20181215160304  |3 Klappentext  |7 1 
856 4 2 |u https://swbplus.bsz-bw.de/bsz1643519298ref.htm  |m V:DE-576  |m B:DE-21  |v 20230906193133  |3 Literaturverzeichnis  |7 1 
951 |a BO 
ELC |b 1 
ITA |a 1  |t 1 
LOK |0 000 xxxxxcx a22 zn 4500 
LOK |0 001 3308819279 
LOK |0 003 DE-627 
LOK |0 004 1643519298 
LOK |0 005 20181212134902 
LOK |0 008 181022||||||||||||||||ger||||||| 
LOK |0 040   |a DE-21  |c DE-627  |d DE-21 
LOK |0 852   |a DE-21 
LOK |0 852 1  |c 58 A 8132  |9 00 
LOK |0 935   |a theo 
LOK |0 936ln  |a t4.6 
LOK |0 938   |a 1812  |f 2 
LOK |0 939   |a 22-10-18  |b l01 
ORI |a SA-MARC-ixtheoa001.raw 
SYG 0 0 |a Brémond, Henri,1865-1933,Bremond, Marie Joseph François Régis Ignace Henri,1865-1933,Bremond, Henri Marie Joseph François-Régis Ignace,1865-1933,Brémond, Henri Marie Joseph François Régis Ignace,1865-1933,Brémond, Marie Joseph François Régis Ignace Henri,1865-1933,Bremond, Henry,1865-1933,Brémond, Marie J.,1865-1933,Brémond, H.,1865-1933